Multiple Choice City Quiz – Thessaloniki - Statistics

General Stats
  • This quiz has been taken 155 times
  • The average score is 6 of 10
Answer Stats
Question Answer % Correct
What is Thessaloniki's famous tower called? White Tower
73%
In the 16th century Thessaloniki became the only city in the world in which what group was a majority? Jews
71%
Thessaloniki gets it's name from Thessalonike, which is the half-sister of? Alexander the Great
67%
Which of these is NOT another way of saying Thessaloniki? Thessalia
65%
Who are the brothers from Thessaloniki which are credited with bringing Christianity to the Slavs and helping create a Slavic alphabet? Cyril and Methodius
64%
Which Thessalonican university is the largest in all the Balkans? Aristotle University
59%
What Greek region is Thessaloniki the capital of? Macedonia
56%
In what war did Greece claim Thessaloniki from the Ottomans? First Balkan War
54%
What opened in Thessaloniki in 2024? Just Greece's 2nd ever... Metro
51%
What gulf does Thessaloniki lie on? Thermaic
43%
No matching quizzes found
Score Distribution
Percent of People with Each Score
Percentile by Number Answered
Your Score History
You have not taken this quiz